000 03137nam a22002537a 4500
003 DO-SdBJH
005 20260325221228.0
008 260325b2025 |||d|||| |||| 00| 0 spa d
040 _aDO-SdBJH
_bspa
_cDO-SdBJH
041 0 _aspa
090 _aCT MA-SDN 0021
_bEGAEE 2025
100 1 _aAyala Estrada, Fernando
_esustentante
245 1 3 _aEl liderazgo del Ministrio de Relaciones Exteriores de República Dominicana para la elaboración de mecanismos estratégicos en la toma de decisiones para la paz :
_bperíodo 2023-2025 /
_cFernando Ayala Estrada, Lester Leonel Antonio Toledo Mena ; asesor de contenido Ramón Vladimir Taveras Morillo ; asesor metodológico José E. Méndez Medina.
260 _aSanto Domingo, República Dominicana :
_bUNADE,
_c2025.
300 _axv, 118, [20] páginas :
_bgráficas.
502 _aTesis y trabajos de grado (Maestría en Seguridad y Defensa Nacional)--Universidad Nacional para la Defensa "General Juan Pablo Duarte y Díez", Escuela de Graduados de Altos Estudios Estratégicos, Santo Domingo, 2025.
504 _aIncluye referencias bibliográficas, apéndices y anexos.
505 _aEstructura y organización del Ministerio de Relaciones Exteriores de República Dominicana -- Mecanismos Estratégicos del Ministerio de Relaciones Exteriores de República Dominicana -- Ponderaciones sobre el liderazgo del Ministerio de Relaciones Exteriores de República Dominicana en la región de América Latina y El Caribe.
520 _aEl presente trabajo de investigación pretende determinar cuál es el nivel de liderazgo que posee el Ministerio de Relaciones Exteriores de república Dominicana para la elaboración de mecanismos estratégicos que contribuyen a la paz regional en el Caribe y Latinoamérica, tomando en cuenta y siguiendo los lineamientos del mandato presidencial con relación a la política exterior y de acuerdo a las relaciones diplomáticas que se tienen en la región así como los tratados bilaterales y multilaterales que se hayan firmado en materia de paz, seguridad y derechos humanos. El Ministerio de Relaciones Exteriores cuenta con la base legal, infraestructura y despliegue de misiones diplomáticas en el caribe y Latinoamérica, así como los planes operativos anuales en donde establece diferentes actividades como conferencias, foros, tratados, resoluciones reuniones y cumbres, llamándoseles mecanismos estratégicos, con los cuales se la logrado colocar en una posición privilegiada con relación a la contribución de la paz regional. Una de las contribuciones más importantes que realiza república Dominicana a través del Ministerio de Relaciones Exteriores es contribuir para resolver la crisis migratoria y los problemas de inseguridad que vive su hermano país de Haití, reflejando un interés legítimo para eliminar esta amenaza a la estabilidad regional, no importando las diferencias que se tienen entre estos dos países.
700 1 _aToledo Mena, Lester Leonel Antonio
_esustentante
700 1 _aTaveras Morillo, Ramón Vladimir
_easesor de contenido
700 1 _aMéndez Medina, José E.
_easesor metodológico
942 _2CL
_cT
999 _c8619
_d8619